LEADER 00990nas a2200289 i 4500 001 991002599449707536 005 20231114120805.0 008 011205m19679999nyuar 0 0eng d 022 $a0071-3260 035 $ab11681883-39ule_inst 035 $aPERLE003548$9ExL 080 $aCDU 575.8 229 0$aEvolutionary biology 245 00$aEvolutionary biology. - 1967- 260 3 $aNew York,$c1967- 500 $aFrom 2007- published by Springer Verlag 591 $aCodice CNR: P 00018992 592 $aLE003 1990-1996; 650 0$aEvolution$vPeriodicals 650 0$aBiology$vPeriodicals 856 41$uhttp://link.springer.com/journal/11692$zAvailable from 2007- on Publisher site 907 $a.b11681883$b03-11-21$c08-07-02 912 $a991002599449707536 945 $aLE003$g1$lle003$o-$pE0.00$q-$rn$s- $t18$u0$v0$w0$x0$y.i11910173$z08-07-02 996 $aEvolutionary biology. - 1967-$93591283 997 $aUNISALENTO 998 $ale003$b01-01-01$cs$da $e-$feng$gnyu$h0$i1 LEADER 03765nam 2200697 450 001 9910787653303321 005 20230803031746.0 010 $a3-11-025706-8 024 7 $a10.1515/9783110257069 035 $a(CKB)2670000000433134 035 $a(EBL)912836 035 $a(OCoLC)858761767 035 $a(SSID)ssj0001056285 035 $a(PQKBManifestationID)11596595 035 $a(PQKBTitleCode)TC0001056285 035 $a(PQKBWorkID)11036914 035 $a(PQKB)10577082 035 $a(MiAaPQ)EBC912836 035 $a(DE-B1597)123852 035 $a(OCoLC)868972259 035 $a(OCoLC)979636758 035 $a(DE-B1597)9783110257069 035 $a(Au-PeEL)EBL912836 035 $a(CaPaEBR)ebr10786140 035 $a(CaONFJC)MIL807726 035 $a(EXLCZ)992670000000433134 100 $a20130813h20132013 uy| 0 101 0 $ager 135 $aur|n|---||||| 181 $ctxt 182 $cc 183 $acr 200 10$aEntartung /$fMax Nordau ; herausgegeben, kommentiert und mit einem Nachwort versehen von Karin Tebben 210 1$aBerlin :$cDe Gruyter,$d[2013] 210 4$d©2013 215 $a1 online resource (864 p.) 225 0 $aEuropa?isch-ju?dische Studien. Editionen,$x2192-9629 ;$vBand 1 300 $aRevision of the author's Entartung. 311 $a3-11-025640-1 320 $aIncludes bibliographical references and indexes. 327 $aErstes Buch. Fin de Sie?cle. -- Vo?lkerda?mmerung -- Symptome -- Diagnose -- Aetiologie -- Zweites Buch. Der Mysticismus. -- Psychologie des Mysticismus -- Die Pra?raphaeliten -- Die Symbolisten -- Der Tolstoismus -- Der Richard-Wagner-Dienst -- Parodieformen der Mystik -- Entartung. Von Max Nordau. Zweiter Band -- Drittes Buch. Die Ich-Sucht. -- Psychologie der Ich-Sucht -- Parnassier und Diaboliker -- Decadenten und Aestheten -- Der Ibsenismus -- Friedrich Nietzsche -- Viertes Buch. Der Realismus. -- Zola und die Zolaschulen -- Die "jungdeutschen" Nacha?ffer -- Fu?nftes Buch. Das zwanzigste Jahrhundert -- Prognose -- Therapie. 330 $aAls der jüdische Arzt und Schriftsteller Max Nordau 1892/93 seine kulturkritische Streitschrift "Entartung" publizierte, waren das Wort und die mit ihm bezeichneten Phänomene noch nicht durch die eliminatorischen Maßnahmen der Nationalsozialisten belastet. Aber die Verbindung von Kunst und Pathologie war durch Ärzte und Künstler vorbereitet; Nordau hat sie mit der diagnostischen Hellsicht des Arztes, mit dem eindrucksvollen Wissen des polyglotten Viellesers und der Brillanz des geschulten Rhetorikers an den avantgardistischen Kunstströmungen konkretisiert. Er verdeutlichte damit einen augenfälligen Zug der Moderne und setzte ihn scharfer Kritik aus, ohne ihn indessen mit nationalistischem und rassistischem Denken in Verbindung zu bringen. Nordaus "Entartung" ist das Schlüsselwerk für das Verständnis der Pathologisierung der künstlerischen Moderne. Die Heidelberger Germanistin Karin Tebben stellt Nordaus Werk in seinen kulturhistorischen Zusammenhang und erläutert die von Nordau oft nur abreviatorisch angesprochenen Kontexte in einem ausführlichen Stellenkommentar und Nachwort. 606 $aDegeneration 606 $aComparative literature 607 $aEurope$xIntellectual life 610 $aCultural Criticism. 610 $aDegeneracy. 610 $aZionism. 615 0$aDegeneration. 615 0$aComparative literature. 676 $a571.9/35 686 $aCC 8200$2rvk 700 $aNordau$b Max Simon$f1849-1923.$0177954 701 $aTebben$b Karin$0224006 801 0$bMiAaPQ 801 1$bMiAaPQ 801 2$bMiAaPQ 906 $aBOOK 912 $a9910787653303321 996 $aEntartung$93815179 997 $aUNINA LEADER 03869nam 2200601Ia 450 001 9910830630203321 005 20230607222315.0 010 $a1-281-45030-8 010 $a9786611450304 010 $a0-470-38509-X 010 $a0-470-38487-5 035 $a(CKB)1000000000687205 035 $a(EBL)353509 035 $a(OCoLC)437219634 035 $a(SSID)ssj0000267125 035 $a(PQKBManifestationID)11193745 035 $a(PQKBTitleCode)TC0000267125 035 $a(PQKBWorkID)10305067 035 $a(PQKB)10277915 035 $a(MiAaPQ)EBC353509 035 $a(EXLCZ)991000000000687205 100 $a20020528d2001 uy 0 101 0 $aeng 135 $aur|n|---||||| 181 $ctxt 182 $cc 183 $acr 200 00$aVerocytotoxigenic E. coli$b[electronic resource] /$fedited by Geraldine Duffy, Patricia Garvey, David A. McDowell 210 $aTrumbull, Conn. $cFood & Nutrition Press$dc2001 215 $a1 online resource (472 p.) 300 $aDescription based upon print version of record. 311 $a0-917678-52-4 320 $aIncludes bibliographical references and index. 327 $aVerocytotoxigenic E. coli; CONTENTS; 1. EMERGENCE OF VEROCYTOTOXIGENIC E. COLI; 2. DETECTION OF VEROCYTOTOXIN-PRODUCING ESCHERICHIA COLI 0157 ON THE FARM AND AT THE ABATTOIR; 3. CLINICAL DETECTION OF VEROCYTOTOXIN-PRODUCING E. COLI (VTEC); 4. PRACTICAL CONSIDERATIONS AND DIFFICULTIES ASSOCIATED WITH THE DETECTION OF VEROCYTOTOXINPRODUCING ESCHERICHIA COLI (VTEC) IN FOODS; 5 . GENERAL RECOVERY, CHARACTERISATION AND TYPING PROTOCOLS FOR VTEC; 6 . EPIDEMIOLOGY OF VEROCYTOTOXIGENIC ESCHERICHIA COLI (VTEC) IN RUMINANTS; 7. EPIDEMIOLOGY OF VTEC IN NON-RUMINANT ANIMALS 327 $a8. EPIDEMIOLOGY OF HUMAN INFECTIONS BY ESCHERICHIA CULl0157 AND OTHER VEROCYTOTOXIN-PRODUCING E. COLI9. FOODS AS VEHICLES OF VTEC INFECTION; 10. A CASE STUDY OF CHEESE ASSOCIATED E. COLI 0157 OUTBREAKS IN SCOTLAND; 11 . PATHOGENIC ASPECTS OF VTEC INFECTIONS IN RUMINANTS; 12. PATHOGENIC ASPECTS OF VTEC INFECTION IN NONRUMINANT ANIMALS; 13. PATHOGENIC ASPECTS OF STEC INFECTIONS IN HUMANS; 14. HEALTHY ANIMALS AS CARRIERS OF STEC; 15. SURVIVAL AND GROWTH OF VTEC IN THE ENVIRONMENT; 16. SURVIVAL AND GROWTH OF VEROCYTOTOXIGENIC E. COLI IN FOODS 327 $a17. PREDICTING THE FATE OF VEROCYTOTOXIGENIC ESCHERICHIA COLI IN FOODS18. RISK ASSESSMENT IN THE CONTROL OF VTEC; 19. FARM MANAGEMENT PRACTICES: A SWEDISH CASE STUDY; 20. CONTROL OF VTEC IN THE MEAT INDUSTRY; 21. CONTROL OF VTEC IN NON-MEAT FOOD PRODUCTS; 22. CLINICAL MANAGEMENT OF E. COLZ 0157 INFECTION; 23. VEROCYTOTOXIGENIC E. COLI: SAFE LABORATORY PRACTICES; 24. VEROCYTOTOXIGENIC E. COLZ - LEGAL ASPECTS; APPENDIX; INDEX 330 $aVerocytotxin producing Escherichia coli (VTEC), and in particular, strains of serogroup o157, have emerged as significant pathogens causing a range of severe and potentially fatal illnesses. The European Union has recognised the threat posed by E. coli O157:H7 and the need to devise control strategies based on an understanding of VTEC pathogenicity, transmission, survival and growth. It also acknowledges the imortance of informing farmers, veterinarians, food producers and health authorities so that each of these groups can act appropriately to reduce the overall hazards posed by these 606 $aEscherichia coli infections 606 $aEscherichia coli O157:H7 615 0$aEscherichia coli infections. 615 0$aEscherichia coli O157:H7. 676 $a616.9 676 $a616.926 701 $aDuffy$b Geraldine$0896369 701 $aGarvey$b Patricia$0896370 701 $aMcDowell$b David A$0896371 801 0$bMiAaPQ 801 1$bMiAaPQ 801 2$bMiAaPQ 906 $aBOOK 912 $a9910830630203321 996 $aVerocytotoxigenic E. coli$92002555 997 $aUNINA